Billboard #1 Hits of 1998 - Statistics

General Stats
  • This quiz has been taken 38 times
  • The average score is 8 of 15
Answer Stats
Hint Extra Hint Explanation Answer % Correct
I Don't Want to Miss a Thing 5 September (4 wks.) Listen on YouTube Aerosmith
90%
My Heart Will Go On 28 February (2 wks.) Listen on YouTube Céline Dion
90%
Gettin' Jiggy wit It 14 March (3 wks.) Listen on YouTube Will Smith
84%
Truly Madly Deeply 17 January (2 wks.) Listen on YouTube Savage Garden
77%
One Week 17 October (1 wk.) Listen on YouTube Barenaked Ladies
74%
Doo Wop (That Thing) 14 November (2 wks.) Listen on YouTube Lauryn Hill
71%
The Boy Is Mine 6 June (13 wks.) Listen on YouTube Brandy and Monica
61%
Together Again 31 January (2 wks.) Listen on YouTube Janet [Jackson]
45%
All My Life 4 April (3 wks.) Listen on YouTube K-Ci & JoJo
35%
My All 23 May (1 wk.) Listen on YouTube Mariah Carey
35%
Too Close 25 April (4 wks.)
30 May (1 wk.)
Listen on YouTube Next
35%
Nice & Slow 14 February (2 wks.) Listen on YouTube Usher
35%
Lately 28 November (1 wk.) Listen on YouTube Divine
32%
I'm Your Angel 5 December (6 wks.) Listen on YouTube R. Kelly and Céline Dion
26%
The First Night 3 October (2 wks.)
24 October (3 wks.)
Listen on YouTube Monica
16%
No matching quizzes found
Score Distribution
Percent of People with Each Score
Percentile by Number Answered
Your Score History
You have not taken this quiz